000 01257nam a22002417a 4500
005 20210325185429.0
008 s2544 th tha d
020 _a9748036804
041 _atha
090 _aอ AG450 ศ813อ 2544
110 0 _aศูนย์ประสานงานสารนิเทศสาขาเศรษฐศาสตร์
245 1 0 _aอรรถาภิธานศัพท์เศรษฐศาสตร์
260 3 _aกรุงเทพฯ :
_bศูนย์ประสานงานสารนิเทศสาขาเศรษฐศาสตร์,
_c2544
300 _a82 หน้า ;
_b 30 ซม.
610 _aศูนย์ประสานงานสารนิเทศสาขาเศรษฐศาสตร์
650 0 4 _aเศรษฐศาสตร์ -- คำศัพท์
650 0 4 _aเศรษฐศาสตร์ -- ศัพท์บัญญัติ
650 0 4 _aเศรษฐศาสตร์ -- ศัพท์บัญญัติเศรษฐศาสตร์ -- คำศัพท์
850 _aNALT
942 _cREF
997 _c000000000022939
998 _aนางสาวสุพันดา สุภาพ
999 _c22939
_d22939